[Event "Mercredi 2019.04.03 ABCD"]
[Site "Montreal CAN"]
[Date "2019.04.10"]
[Round "2"]
[White "Beaulieu, Pierre"]
[Black "Nesterov, Timour"]
[Result "1-0"]
[WhiteElo "1862"]
[BlackElo "1927"]
[PlyCount "163"]
[EventDate "2019.04.03"]
[EventType "tourn"]
[EventRounds "5"]
[EventCountry "CAN"]

1. Nf3 e6 2. b3 f5 3. Bb2 Nf6 4. e3 b6 5. d3 Bb7 6. Nc3 Be7 7. Qd2 O-O 8. O-O-O
a5 9. Kb1 Nd5 10. Nxd5 Bxd5 11. c4 Bb7 12. Be2 Na6 13. a4 Nc5 14. Ka2 Bf6 15.
d4 Ne4 16. Qe1 c6 17. Nd2 Ba6 18. Nxe4 fxe4 19. Ba3 Be7 20. c5 Bxe2 21. Qxe2
Rb8 22. Qc2 d5 23. Rd2 Qc7 24. cxb6 Rxb6 25. Bxe7 Qxe7 26. Rc1 Rfb8 27. Rb1 Qb7
28. Qc3 Rb4 29. Rbb2 Qb6 30. Rdc2 Rc8 31. Qc5 Kf7 32. f3 exf3 33. gxf3 Rc7 34.
Qxb6 Rxb6 35. Rc5 Ra7 36. Rbc2 Raa6 37. Kb2 Ke7 38. f4 Kd6 39. Rg2 Rb7 40. h4
Rab6 41. Rc3 Rf7 42. Ka3 Rfb7 43. Rb2 Ke7 44. Rc5 Ra7 45. b4 axb4+ 46. Rxb4
Rba6 47. Rc2 Kf6 48. Rg2 Kf5 49. Rg5+ Kf6 50. Rg2 Ra5 51. Rg5 R5a6 52. Re5 Ra5
53. Rg5 Ra8 54. Re5 R8a6 55. Rg5 c5 56. dxc5 Rxc5 57. Rb7 g6 58. e4 e5 59. Rxe5
Rac6 60. Rxd5 Rc3+ 61. Ka2 R3c4 62. e5+ Kf5 63. Rd6 Rxa4+ 64. Kb3 Raa6 65. Rxc6
Rxc6 66. Rf7+ Kg4 67. Kb4 h5 68. Rf6 Rc8 69. Kb5 Rg8 70. e6 Kxh4 71. Kc6 Kg4
72. e7 Ra8 73. Rf8 Ra6+ 74. Kd5 Ra5+ 75. Ke6 Ra6+ 76. Kf7 Ra7 77. Kf6 Ra6+ 78.
Kg7 Ra7 79. Rf7 Rxe7 80. Rxe7 h4 81. Kxg6 h3 82. Rh7 1-0

[Event "Mercredi 2019.04.03 ABCD"]
[Site "Montreal CAN"]
[Date "2019.04.10"]
[Round "2"]
[White "Boudreau, Daniel"]
[Black "Bouchard, Jean-Marc"]
[Result "1-0"]
[WhiteElo "2034"]
[BlackElo "1908"]
[PlyCount "43"]
[EventDate "2019.04.03"]
[EventType "tourn"]
[EventRounds "5"]
[EventCountry "CAN"]

1. e4 e6 2. d4 d5 3. e5 Bd7 4. Nf3 a6 5. c4 dxc4 6. Bxc4 Bc6 7. Be3 Ne7 8. O-O
Nd5 9. Nc3 h6 10. Nxd5 Bxd5 11. Bd3 Nd7 12. Rc1 Nb6 13. a3 Be7 14. Nd2 O-O 15.
Qg4 Kh8 16. Ne4 f5 17. exf6 Bxf6 18. Nc3 g5 19. Qh5 Bg7 20. Qg6 Kg8 21. Qh7+
Kf7 22. Bg6+ 1-0

[Event "Mercredi 2019.04.03 ABCD"]
[Site "Montreal CAN"]
[Date "2019.04.10"]
[Round "2"]
[White "Jacquet, Stephane"]
[Black "Nunez, Omar"]
[Result "1-0"]
[WhiteElo "1941"]
[BlackElo "1889"]
[PlyCount "25"]
[EventDate "2019.04.03"]
[EventType "tourn"]
[EventRounds "5"]
[EventCountry "CAN"]

1. d4 d6 2. e4 e5 3. Nf3 Nd7 4. Bc4 Be7 5. c3 c6 6. Qb3 exd4 7. Bxf7+ Kf8 8.
cxd4 c5 9. O-O cxd4 10. Bxg8 Rxg8 11. Nxd4 Nc5 12. Qf3+ Bf6 13. Nc3 1-0

[Event "Mercredi 2019.04.03 ABCD"]
[Site "Montreal CAN"]
[Date "2019.04.10"]
[Round "2"]
[White "Jean, Robert"]
[Black "Barko, Maxim"]
[Result "1-0"]
[WhiteElo "1821"]
[BlackElo "1833"]
[PlyCount "139"]
[EventDate "2019.04.03"]
[EventType "tourn"]
[EventRounds "5"]
[EventCountry "CAN"]

1. d4 e6 2. e4 d5 3. e5 c5 4. c3 Nc6 5. Nf3 Qb6 6. a3 cxd4 7. cxd4 Nh6 8. b4
Nf5 9. Bb2 a5 10. b5 a4 11. g4 Nfe7 12. Nc3 Nb8 13. Bd3 Ng6 14. Qd2 Be7 15. h4
Bd8 16. h5 Ne7 17. g5 Nd7 18. Rc1 Qa5 19. Kf1 Nb6 20. Qe2 Bd7 21. Nd2 Nf5 22.
Bxf5 exf5 23. f4 Rc8 24. Kf2 Nc4 25. Nxc4 dxc4 26. Rhd1 O-O 27. Qc2 g6 28. Qxa4
Qxa4 29. Nxa4 Bxb5 30. Nc3 Ba6 31. Ke3 b5 32. Nd5 Bb7 33. Nf6+ Bxf6 34. gxf6
Bd5 35. Bc3 Rfe8 36. hxg6 fxg6 37. Rb1 Rb8 38. Rb2 Red8 39. Rdb1 Bc6 40. Bb4
Be4 41. Rf1 Kf7 42. Rh2 h5 43. Rh3 Rh8 44. Kd2 Rbc8 45. Kc3 Rh6 46. Re1 Ke6 47.
Bc5 Ra8 48. Rh2 Rhh8 49. Rd2 Bd5 50. Re3 Rh7 51. Rg3 Rh6 52. Rd1 Kf7 53. Bd6
Ke6 54. Kb4 Bc6 55. Kc5 h4 56. Rh3 Rc8 57. Kb6 Bg2 58. Rh2 h3 59. Kxb5 Rh4 60.
Rd2 c3 61. Rc2 Be4 62. Rc1 c2 63. a4 Rc3 64. a5 Rb3+ 65. Kc5 Rb1 66. d5+ Kf7
67. Be7 Rxc1 68. e6+ Ke8 69. d6 Rd1 70. f7# 1-0

[Event "Mercredi 2019.04.03 ABCD"]
[Site "Montreal CAN"]
[Date "2019.04.10"]
[Round "2"]
[White "Lescarbeau, Martin"]
[Black "O'Neill, Brendon"]
[Result "0-1"]
[WhiteElo "1778"]
[BlackElo "1735"]
[PlyCount "56"]
[EventDate "2019.04.03"]
[EventType "tourn"]
[EventRounds "5"]
[EventCountry "CAN"]

1. d4 Nf6 2. Bf4 c5 3. e3 cxd4 4. exd4 d5 5. Nf3 Bg4 6. c3 Qb6 7. Qb3 Qe6+ 8.
Ne5 Qf5 9. Be3 b6 10. Bd3 Qc8 11. Nd2 e6 12. Bg5 Bh5 13. Bxf6 gxf6 14. Bb5+ Kd8
15. Nd3 a6 16. Ba4 b5 17. Bxb5 axb5 18. Qxb5 Qa6 19. Qxa6 Nxa6 20. b4 Bg6 21.
Ke2 Bd6 22. a4 Bxd3+ 23. Kxd3 Bxb4 24. cxb4 Nxb4+ 25. Ke2 Nc2 26. Ra2 Nxd4+ 27.
Kd3 Nc6 28. Rc1 Nb4+ 0-1

[Event "Mercredi 2019.04.03 ABCD"]
[Site "Montreal CAN"]
[Date "2019.04.10"]
[Round "2"]
[White "Millette, Sylvain"]
[Black "Audet, Eric"]
[Result "0-1"]
[WhiteElo "1724"]
[BlackElo "1729"]
[PlyCount "108"]
[EventDate "2019.04.03"]
[EventType "tourn"]
[EventRounds "5"]
[EventCountry "CAN"]

1. Nf3 c6 2. g3 d5 3. Bg2 Nf6 4. d4 Bg4 5. O-O Nbd7 6. Bg5 Qb6 7. b3 h6 8. Bxf6
Nxf6 9. Ne5 Bf5 10. c4 Be4 11. Nc3 Bxg2 12. Kxg2 Rd8 13. e3 e6 14. c5 Qc7 15.
b4 Be7 16. b5 Bxc5 17. bxc6 bxc6 18. Qa4 O-O 19. Qxc6 Qxc6 20. Nxc6 Rc8 21.
dxc5 Rxc6 22. Na4 Ne4 23. Rfc1 Rfc8 24. Rab1 Nxc5 25. Nxc5 Rxc5 26. Rxc5 Rxc5
27. Rb8+ Kh7 28. Rb7 Ra5 29. Rxf7 Kg6 30. Rf8 Rxa2 31. Kf3 a5 32. g4 Ra4 33. h4
h5 34. gxh5+ Kxh5 35. Re8 Re4 36. Ra8 a4 37. Ra7 Kh6 38. Ra6 Kg6 39. Ke2 Kf6
40. Kd3 Rxh4 41. f4 g5 42. Rxa4 gxf4 43. exf4 Kf5 44. Ke3 Rh3+ 45. Kf2 Rc3 46.
Ra6 Rc4 47. Kg3 Re4 48. Rb6 Re3+ 49. Kf2 Kxf4 50. Rd6 Re4 51. Rd8 d4 52. Rf8+
Ke5 53. Rd8 Rh4 54. Kf3 Rh3+ 0-1

[Event "Mercredi 2019.04.03 ABCD"]
[Site "Montreal CAN"]
[Date "2019.04.10"]
[Round "2"]
[White "Nardone, Raul"]
[Black "Guipi Bopala, Prince Eric jr"]
[Result "0-1"]
[WhiteElo "1805"]
[BlackElo "1843"]
[PlyCount "58"]
[EventDate "2019.04.03"]
[EventType "tourn"]
[EventRounds "5"]
[EventCountry "CAN"]

1. e4 e5 2. Nf3 Nc6 3. Bc4 Bc5 4. O-O Nf6 5. d4 Bxd4 6. Nxd4 Nxd4 7. f4 d6 8.
fxe5 dxe5 9. Bg5 Qe7 10. Bxf6 gxf6 11. c3 Ne6 12. Na3 Bd7 13. Kh1 O-O-O 14. Qf3
Bc6 15. Qe3 Kb8 16. b4 b6 17. Be2 Nf4 18. Rad1 f5 19. Bf3 fxe4 20. Bxe4 Bxe4
21. Qxe4 Rxd1 22. Rxd1 Rd8 23. Rxd8+ Qxd8 24. h3 Qd1+ 25. Kh2 Ne2 26. Qe3 f5
27. h4 f4 28. Qf2 e4 29. Kh3 e3 0-1

[Event "Mercredi 2019.04.03 ABCD"]
[Site "Montreal CAN"]
[Date "2019.04.10"]
[Round "2"]
[White "Pomerantz, Daniel"]
[Black "Lopez Linares, Lizandro"]
[Result "0-1"]
[WhiteElo "2175"]
[BlackElo "2239"]
[PlyCount "128"]
[EventDate "2019.04.03"]
[EventType "tourn"]
[EventRounds "5"]
[EventCountry "CAN"]

1. e4 d5 2. exd5 Qxd5 3. Nc3 Qa5 4. d4 c6 5. Nf3 Nf6 6. Bc4 Bf5 7. Ne5 e6 8. g4
Be4 9. O-O Bd5 10. Bd2 Qb6 11. Nxd5 cxd5 12. Bd3 Nc6 13. Nxc6 bxc6 14. g5 Nd7
15. Be3 Bd6 16. Qf3 Qb8 17. h4 O-O 18. Kg2 f5 19. Rae1 Re8 20. Bc1 Nf8 21. h5
a5 22. c4 Ra7 23. c5 Bc7 24. Re2 Qb4 25. Bxf5 Qxd4 26. Rfe1 e5 27. Be3 Qb4 28.
a3 Qb8 29. Qg4 Re7 30. Bd4 Rb7 31. h6 g6 32. Bc2 Qe8 33. f4 e4 34. Bf6 Re6 35.
f5 gxf5 36. Qxf5 Ng6 37. Kf1 Qf7 38. Bxe4 Rxe4 39. Qc8+ Qf8 40. Rxe4 Qxc8 41.
Re8+ Qxe8 42. Rxe8+ Kf7 43. Rc8 Be5 44. Rxc6 Rxb2 45. Bxe5 Nxe5 46. Rc7+ Kg6
47. Rg7+ Kf5 48. Rxh7 Kxg5 49. Re7 Kf6 50. Ra7 d4 51. h7 Rh2 52. Rxa5 Rxh7 53.
Ra4 d3 54. Rd4 Rc7 55. Kf2 Rxc5 56. Ke3 Rc2 57. a4 Kf5 58. Rf4+ Ke6 59. Rd4
Re2+ 60. Kf4 Rh2 61. Ke3 Ra2 62. Kf4 Re2 63. a5 Ra2 64. Ke3 Rxa5 0-1

[Event "Mercredi 2019.04.03 ABCD"]
[Site "Montreal CAN"]
[Date "2019.04.10"]
[Round "2"]
[White "Sanyal, Prateek"]
[Black "Gauthier, Luc"]
[Result "0-1"]
[WhiteElo "1674"]
[BlackElo "1742"]
[PlyCount "50"]
[EventDate "2019.04.03"]
[EventType "tourn"]
[EventRounds "5"]
[EventCountry "CAN"]

1. d4 d5 2. c4 Nc6 3. Nc3 Nf6 4. Bf4 Bf5 5. Nb5 Rc8 6. e3 e6 7. a3 a6 8. Qa4
axb5 9. cxb5 Ra8 10. Qd1 Nb8 11. Rc1 Bd6 12. Bd3 Bxd3 13. Qxd3 Bxf4 14. exf4 c6
15. Nf3 Qa5+ 16. Ke2 Ke7 17. Ne5 Nfd7 18. bxc6 Nxe5 19. fxe5 Nxc6 20. f4 Qb6
21. Ke3 Rhc8 22. b4 h6 23. g4 g5 24. Rcf1 gxf4+ 25. Rxf4 Nxe5 0-1

[Event "Mercredi 2019.04.03 ABCD"]
[Site "Montreal CAN"]
[Date "2019.04.10"]
[Round "2"]
[White "Tremblay, Alain"]
[Black "Feoktistov, Dmitri"]
[Result "0-1"]
[WhiteElo "2078"]
[BlackElo "2172"]
[PlyCount "52"]
[EventDate "2019.04.03"]
[EventType "tourn"]
[EventRounds "5"]
[EventCountry "CAN"]

1. Nf3 f5 2. b4 Nf6 3. Bb2 e6 4. b5 b6 5. e3 Be7 6. Be2 O-O 7. c4 Bb7 8. O-O d6
9. Nd4 Qd7 10. f4 c5 11. Nf3 h6 12. d3 Qe8 13. Nc3 Nbd7 14. h3 e5 15. fxe5 dxe5
16. Nh4 g6 17. Bf3 e4 18. dxe4 fxe4 19. Bg4 Ne5 20. Be6+ Kh7 21. Nd5 Nxd5 22.
Bxd5 Rxf1+ 23. Kxf1 Bxh4 24. Bxb7 Nxc4 25. Qe2 Qxb5 26. Bc1 Nxe3+ 0-1

[Event "Mercredi 2019.04.03 ABCD"]
[Site "Montreal CAN"]
[Date "2019.04.17"]
[Round "3"]
[White "Audet, Eric"]
[Black "Sanyal, Prateek"]
[Result "1-0"]
[WhiteElo "1729"]
[BlackElo "1674"]
[PlyCount "45"]
[EventDate "2019.04.03"]
[EventType "tourn"]
[EventRounds "5"]
[EventCountry "CAN"]

1. e4 c5 2. Nf3 d6 3. d4 cxd4 4. Nxd4 Nf6 5. Nc3 a6 6. Be2 e5 7. Nb3 Be7 8. Be3
Be6 9. f3 d5 10. exd5 Nxd5 11. Nxd5 Bxd5 12. c4 Bb4+ 13. Kf2 Bc6 14. Qxd8+ Kxd8
15. Rhd1+ Kc7 16. c5 Ba4 17. Bc4 Nd7 18. Bxf7 Bxb3 19. Bxb3 Nxc5 20. Rac1 b6
21. Bd5 Rad8 22. a3 Bxa3 23. bxa3 1-0

[Event "Mercredi 2019.04.03 ABCD"]
[Site "Montreal CAN"]
[Date "2019.04.17"]
[Round "3"]
[White "Barko, Maxim"]
[Black "Baran, Marius"]
[Result "0-1"]
[WhiteElo "1833"]
[BlackElo "1845"]
[PlyCount "92"]
[EventDate "2019.04.03"]
[EventType "tourn"]
[EventRounds "5"]
[EventCountry "CAN"]

1. d4 d5 2. c4 e6 3. Nc3 Nf6 4. cxd5 exd5 5. Bg5 c6 6. Qc2 g6 7. Nf3 Bg7 8. b4
h6 9. Bf4 Bf5 10. Qd2 Qe7 11. Ne5 Nbd7 12. f3 Nh5 13. Nxd7 Bxd7 14. O-O-O Nxf4
15. Qxf4 h5 16. Kb1 Bh6 17. Qg3 O-O 18. e4 dxe4 19. fxe4 Bg4 20. Bc4 Rad8 21.
Rdf1 Rxd4 22. Bd3 Rfd8 23. Bc2 Bg7 24. Qf4 Be6 25. Rf2 Qd6 26. Qe3 Rxb4+ 27.
Bb3 Bxb3 28. axb3 Bd4 29. Qf3 Bxf2 30. Qxf2 Qd3+ 31. Ka2 Rb6 32. b4 Qc4+ 33.
Kb1 Rxb4+ 34. Kc1 Qd4 35. Qe2 Qd3 36. Qf2 Rbd4 37. Rd1 Qc4 38. Rf1 Rxe4 39. Qf6
Rde8 40. Kb1 Re1+ 41. Rxe1 Rxe1+ 42. Kc2 Re8 43. Kd2 Qe6 44. Qd4 a5 45. Qd3 b5
46. Ne2 Qd5 0-1

[Event "Mercredi 2019.04.03 ABCD"]
[Site "Montreal CAN"]
[Date "2019.04.17"]
[Round "3"]
[White "Bouchard, Jean-Marc"]
[Black "Beaulieu, Pierre"]
[Result "0-1"]
[WhiteElo "1908"]
[BlackElo "1862"]
[PlyCount "52"]
[EventDate "2019.04.03"]
[EventType "tourn"]
[EventRounds "5"]
[EventCountry "CAN"]

1. b3 d5 2. Bb2 Bf5 3. e3 e6 4. Nc3 Nf6 5. Nce2 Nbd7 6. h4 h6 7. Nh3 e5 8. d4
Bd6 9. dxe5 Bxe5 10. Qc1 c6 11. Nhf4 Qa5+ 12. c3 O-O-O 13. a4 g5 14. b4 Qc7 15.
Nh3 Bd3 16. Nhg1 Nb6 17. Nf3 Nc4 18. hxg5 hxg5 19. Rxh8 Rxh8 20. Nxg5 Rh1 21.
Nf3 Bxe2 22. Kxe2 Ne4 23. Nd4 Qd7 24. Qc2 Bxd4 25. cxd4 Qf5 26. Ke1 Rxf1+ 0-1

[Event "Mercredi 2019.04.03 ABCD"]
[Site "Montreal CAN"]
[Date "2019.04.08"]
[Round "3"]
[White "Feoktistov, Dmitri"]
[Black "Pomerantz, Daniel"]
[Result "1-0"]
[WhiteElo "2172"]
[BlackElo "2175"]
[PlyCount "59"]
[EventDate "2019.04.03"]
[EventType "tourn"]
[EventRounds "5"]
[EventCountry "CAN"]

1. d4 Nf6 2. c4 e6 3. Nf3 Bb4+ 4. Nbd2 O-O 5. g3 b6 6. Bg2 Bb7 7. O-O Bxd2 8.
Bxd2 d6 9. a4 a5 10. c5 Nbd7 11. cxd6 cxd6 12. Qb3 Ne4 13. Rfc1 Nxd2 14. Nxd2
d5 15. Nf3 Nf6 16. Qa3 Rc8 17. Ne5 Re8 18. e3 Rc7 19. Bf1 Ree7 20. Qb3 Qd6 21.
Qb5 h6 22. h4 Rxc1 23. Rxc1 Rc7 24. Rxc7 Qxc7 25. g4 Kf8 26. g5 hxg5 27. hxg5
Ne4 28. g6 Nd6 29. Qe2 Qe7 30. Qh5 1-0

[Event "Mercredi 2019.04.03 ABCD"]
[Site "Montreal CAN"]
[Date "2019.04.17"]
[Round "3"]
[White "Gates, Claude-Eric"]
[Black "Nardone, Raul"]
[Result "0-1"]
[WhiteElo "1835"]
[BlackElo "1805"]
[PlyCount "60"]
[EventDate "2019.04.03"]
[EventType "tourn"]
[EventRounds "5"]
[EventCountry "CAN"]

1. e4 c5 2. d4 cxd4 3. c3 Nf6 4. e5 Nd5 5. Qxd4 e6 6. Nf3 Nc6 7. Qe4 f5 8. Qe2
b6 9. g3 a5 10. Bg2 Ba6 11. Qd1 Rc8 12. Nbd2 Qc7 13. Nf1 Ncb4 14. Qd2 Nd3+ 15.
Kd1 Bc5 16. Ne3 Bxe3 17. fxe3 Nc5 18. Nh4 Ne4 19. Bxe4 fxe4 20. Qd4 O-O 21. Ng2
Nb4 22. Ne1 Nd3 23. Nxd3 Bxd3 24. a4 Rf2 25. Ra3 Rcf8 26. Bd2 Rg2 27. b4 Rff2
28. Ra2 Qc8 29. Qxb6 Qf8 30. Re1 Rxd2+ 0-1

[Event "Mercredi 2019.04.03 ABCD"]
[Site "Montreal CAN"]
[Date "2019.04.17"]
[Round "3"]
[White "Gauthier, Luc"]
[Black "Lescarbeau, Martin"]
[Result "1-0"]
[WhiteElo "1742"]
[BlackElo "1778"]
[PlyCount "39"]
[EventDate "2019.04.03"]
[EventType "tourn"]
[EventRounds "5"]
[EventCountry "CAN"]

1. e4 e5 2. Nf3 Nc6 3. c3 Bc5 4. d4 exd4 5. cxd4 Bb4+ 6. Bd2 Qe7 7. Bd3 Nf6 8.
O-O Bxd2 9. Qxd2 d6 10. h3 O-O 11. Nc3 g6 12. Rfe1 Nb4 13. Bc4 c5 14. e5 dxe5
15. Rxe5 Qd7 16. Qg5 cxd4 17. Qxf6 dxc3 18. Re7 Qf5 19. Bxf7+ Rxf7 20. Re8+ 1-0

[Event "Mercredi 2019.04.03 ABCD"]
[Site "Montreal CAN"]
[Date "2019.04.17"]
[Round "3"]
[White "Guipi Bopala, Prince Eric jr"]
[Black "Jean, Robert"]
[Result "1-0"]
[WhiteElo "1843"]
[BlackElo "1821"]
[PlyCount "77"]
[EventDate "2019.04.03"]
[EventType "tourn"]
[EventRounds "5"]
[EventCountry "CAN"]

1. d4 Nf6 2. c4 d5 3. cxd5 Qxd5 4. Nc3 Qa5 5. e3 c6 6. Nf3 Nbd7 7. Be2 Ne4 8.
Qc2 Ndf6 9. O-O Nxc3 10. bxc3 Bf5 11. Bd3 Bxd3 12. Qxd3 e6 13. e4 h6 14. h3 Be7
15. Bf4 O-O 16. Ne5 Rfd8 17. Rfb1 Nxe4 18. Qxe4 Qxc3 19. Be3 Ba3 20. Qg4 Bf8
21. Rc1 Qa5 22. Bxh6 Qc7 23. Be3 Rd5 24. h4 Qd8 25. h5 f5 26. Qg3 Qe8 27. h6
Kh7 28. hxg7 Bxg7 29. Qh4+ Kg8 30. Kh2 Rxe5 31. dxe5 Bxe5+ 32. g3 Bxa1 33. Rxa1
Qg6 34. Rd1 Qh7 35. Bh6 Qg6 36. Rd7 c5 37. Rg7+ Qxg7 38. Bxg7 Kxg7 39. Qe7+ 1-0

[Event "Mercredi 2019.04.03 ABCD"]
[Site "Montreal CAN"]
[Date "2019.04.12"]
[Round "3"]
[White "Jacquet, Stephane"]
[Black "Boudreau, Daniel"]
[Result "0-1"]
[WhiteElo "1941"]
[BlackElo "2034"]
[PlyCount "64"]
[EventDate "2019.04.03"]
[EventType "tourn"]
[EventRounds "5"]
[EventCountry "CAN"]

1. d4 Nf6 2. c4 e6 3. Nf3 b6 4. g3 Bb7 5. Bg2 Bb4+ 6. Bd2 Bxd2+ 7. Nbxd2 d6 8.
O-O a5 9. Re1 Qe7 10. e4 e5 11. dxe5 dxe5 12. Nh4 g6 13. f4 Nbd7 14. Rc1 O-O
15. Rc3 Rfe8 16. f5 Rad8 17. Qe2 Nc5 18. fxg6 hxg6 19. h3 Qd7 20. Rc2 Qd3 21.
Nf1 Nfxe4 22. Qxd3 Rxd3 23. Rce2 Nxg3 24. Nxg3 Rxg3 25. Kh2 Rd3 26. Bxb7 Nxb7
27. Rxe5 Rxe5 28. Rxe5 Rd2+ 29. Kg3 Rxb2 30. Re7 Rxa2 31. Rxc7 Nc5 32. Kg4 Ra4
0-1

[Event "Mercredi 2019.04.03 ABCD"]
[Site "Montreal CAN"]
[Date "2019.04.17"]
[Round "3"]
[White "Lopez Linares, Lizandro"]
[Black "Abdelaal, Ibrahim"]
[Result "1/2-1/2"]
[WhiteElo "2239"]
[BlackElo "2061"]
[PlyCount "66"]
[EventDate "2019.04.03"]
[EventType "tourn"]
[EventRounds "5"]
[EventCountry "CAN"]

1. d4 Nf6 2. Nf3 e6 3. Bg5 h6 4. Bh4 c5 5. e3 b6 6. Nbd2 Bb7 7. Bd3 g5 8. Bg3
g4 9. Nh4 Nc6 10. c3 d5 11. O-O Bd6 12. Qe2 h5 13. dxc5 bxc5 14. e4 Bxg3 15.
fxg3 Qe7 16. exd5 Nxd5 17. Nc4 O-O-O 18. a4 Rd7 19. a5 Rhd8 20. a6 Ba8 21. Bc2
Nb6 22. Nxb6+ axb6 23. Qb5 Rd2 24. Be4 Qc7 25. a7 Nxa7 26. Qa6+ Kb8 27. Bxa8
Kxa8 28. b4 R2d7 29. Kh1 Qb7 30. Qc4 Qd5 31. Qa6 Qb7 32. Qc4 Qd5 33. Qa6 Qb7
1/2-1/2

[Event "Mercredi 2019.04.03 ABCD"]
[Site "Montreal CAN"]
[Date "2019.04.17"]
[Round "3"]
[White "Nunez, Omar"]
[Black "Boudreau, Daniel"]
[Result "1-0"]
[WhiteElo "1889"]
[BlackElo "2034"]
[PlyCount "95"]
[EventDate "2019.04.03"]
[EventType "tourn"]
[EventRounds "5"]
[EventCountry "CAN"]

1. f4 d5 2. Nf3 g6 3. g3 Bg7 4. Bg2 c5 5. Nc3 d4 6. Ne4 Qc7 7. d3 b6 8. O-O h5
9. Qe1 Nh6 10. Nh4 Nc6 11. e3 dxe3 12. c3 Nf5 13. Nxf5 Bxf5 14. Bxe3 Rd8 15.
Rd1 O-O 16. Nf2 Rd7 17. Qe2 Rfd8 18. Be4 e6 19. h3 Ne7 20. Bf3 e5 21. fxe5 Bxe5
22. g4 hxg4 23. hxg4 Be6 24. Kg2 Nd5 25. Ne4 Kg7 26. Rh1 Nxe3+ 27. Qxe3 Bf4 28.
Qe1 Bd5 29. Qh4 Bxe4 30. Bxe4 Qe5 31. Rdf1 Qg5 32. Qh7+ Kf8 33. Qh3 Ke7 34. Qf3
f5 35. Qxf4 Qxf4 36. Rxf4 fxe4 37. Rh7+ Ke6 38. Rxe4+ Kf6 39. Rxd7 Rxd7 40. d4
cxd4 41. Rxd4 Re7 42. Kf3 Kg5 43. c4 Kh4 44. b4 g5 45. Rd5 Rf7+ 46. Rf5 Rc7 47.
c5 bxc5 48. Rf6 1-0

[Event "Mercredi 2019.04.03 ABCD"]
[Site "Montreal CAN"]
[Date "2019.04.17"]
[Round "3"]
[White "O'Neill, Brendon"]
[Black "Millette, Sylvain"]
[Result "1-0"]
[WhiteElo "1735"]
[BlackElo "1724"]
[PlyCount "97"]
[EventDate "2019.04.03"]
[EventType "tourn"]
[EventRounds "5"]
[EventCountry "CAN"]

1. e4 Nf6 2. e5 Nd5 3. c4 Nb6 4. d4 d6 5. f4 dxe5 6. fxe5 c5 7. d5 g6 8. Nf3
Bg4 9. Be2 Bg7 10. Bf4 e6 11. d6 Nc6 12. Nbd2 O-O 13. O-O Nd7 14. Bg5 Qe8 15.
Ne4 f6 16. exf6 Nxf6 17. Nxc5 b6 18. Na6 Qd7 19. h3 Bxf3 20. Bxf3 Rad8 21. c5
h6 22. Be3 e5 23. b4 e4 24. Be2 bxc5 25. bxc5 Qe6 26. Nc7 Qf7 27. Qc1 Ne5 28.
Bxh6 Nd3 29. Bxd3 exd3 30. Bxg7 Kxg7 31. Qe3 Kh7 32. Qxd3 Qxc7 33. dxc7 Rxd3
34. Rxf6 Rc8 35. Rc6 Rd7 36. Rc1 Rd2 37. Rb1 Rd7 38. Rb7 a5 39. Ra7 a4 40. Rxa4
Rdxc7 41. Rxc7+ Rxc7 42. Rc4 Kg7 43. Kf2 Kf6 44. Ke3 Ke5 45. Kd3 Kd5 46. Rd4+
Kc6 47. Kc4 Ra7 48. Rd6+ Kc7 49. Rxg6 1-0

[Event "Mercredi 2019.04.03 ABCD"]
[Site "Montreal CAN"]
[Date "2019.04.17"]
[Round "3"]
[White "Zheng, Richard"]
[Black "Tremblay, Alain"]
[Result "1/2-1/2"]
[WhiteElo "2150"]
[BlackElo "2078"]
[PlyCount "38"]
[EventDate "2019.04.03"]
[EventType "tourn"]
[EventRounds "5"]
[EventCountry "CAN"]

1. b3 Nf6 2. Bb2 e6 3. Nf3 d5 4. e3 Be7 5. Be2 O-O 6. O-O c5 7. c4 Nc6 8. d4
dxc4 9. Bxc4 cxd4 10. Nxd4 Nxd4 11. Bxd4 Bd7 12. Qe2 Qc7 13. Nd2 Rad8 14. Rac1
Qb8 15. a4 e5 16. Bb2 Rfe8 17. Nf3 Bd6 18. h3 h6 19. Rfd1 a6 1/2-1/2

[Event "Mercredi 2019.04.03 ABCD"]
[Site "Montreal CAN"]
[Date "2019.04.24"]
[Round "4"]
[White "Abdelaal, Ibrahim"]
[Black "Tremblay, Alain"]
[Result "1/2-1/2"]
[WhiteElo "2061"]
[BlackElo "2078"]
[PlyCount "49"]
[EventDate "2019.04.03"]
[EventType "tourn"]
[EventRounds "5"]
[EventCountry "CAN"]

1. e4 d6 2. d4 g6 3. Nc3 Bg7 4. Be3 c6 5. Qd2 b5 6. Bd3 a6 7. h3 Nd7 8. Nf3 Qc7
9. a4 b4 10. Ne2 c5 11. c3 bxc3 12. bxc3 Bb7 13. O-O Ngf6 14. Ng3 Qa5 15. Rfb1
Rb8 16. Ra3 cxd4 17. Bxd4 O-O 18. Rab3 Bc6 19. Rb4 Rxb4 20. cxb4 Qxa4 21. Ra1
Qb3 22. Rxa6 Rc8 23. Bc2 Qc4 24. Bd3 Qb3 25. Bc2 1/2-1/2

[Event "Mercredi 2019.04.03 ABCD"]
[Site "Montreal CAN"]
[Date "2019.04.24"]
[Round "4"]
[White "Baran, Marius"]
[Black "Guipi Bopala, Prince Eric jr"]
[Result "1/2-1/2"]
[WhiteElo "1845"]
[BlackElo "1843"]
[PlyCount "42"]
[EventDate "2019.04.03"]
[EventType "tourn"]
[EventRounds "5"]
[EventCountry "CAN"]

1. e4 e5 2. Nf3 Nc6 3. d4 exd4 4. Bc4 Nf6 5. e5 d5 6. Bb5 Ne4 7. Nxd4 Bd7 8.
Bxc6 bxc6 9. O-O Bc5 10. f3 Ng5 11. f4 Ne4 12. Be3 O-O 13. Nd2 Nxd2 14. Qxd2 f6
15. Nb3 Bxe3+ 16. Qxe3 fxe5 17. fxe5 Qe7 18. Nc5 Rxf1+ 19. Rxf1 Re8 20. b4 Bg4
21. h3 Bc8 1/2-1/2

[Event "Mercredi 2019.04.03 ABCD"]
[Site "Montreal CAN"]
[Date "2019.04.24"]
[Round "4"]
[White "Boudreau, Daniel"]
[Black "Beaulieu, Pierre"]
[Result "0-1"]
[WhiteElo "2034"]
[BlackElo "1862"]
[PlyCount "66"]
[EventDate "2019.04.03"]
[EventType "tourn"]
[EventRounds "5"]
[EventCountry "CAN"]

1. e4 b6 2. d4 Bb7 3. Bd3 e6 4. Nf3 c5 5. O-O cxd4 6. Nxd4 Nc6 7. Nb5 a6 8.
N5c3 Nge7 9. Bg5 h6 10. Bh4 g5 11. Bg3 h5 12. h4 Ng6 13. hxg5 h4 14. Bh2 Qxg5
15. f4 Qc5+ 16. Kh1 h3 17. g3 Bg7 18. Nd2 b5 19. Nb3 Qe7 20. a3 Rc8 21. Qd2 Nd4
22. Rae1 Kf8 23. Nxd4 Bxd4 24. Nd1 Bc5 25. b4 Ba7 26. f5 Ne5 27. f6 Qd8 28. Qg5
Ng6 29. g4 d5 30. Nf2 Bxf2 31. Rxf2 dxe4 32. Rxe4 Qd4 33. Rff4 Bxe4+ 0-1

[Event "Mercredi 2019.04.03 ABCD"]
[Site "Montreal CAN"]
[Date "2019.04.24"]
[Round "4"]
[White "Lopez Linares, Lizandro"]
[Black "Feoktistov, Dmitri"]
[Result "1/2-1/2"]
[WhiteElo "2239"]
[BlackElo "2172"]
[PlyCount "74"]
[EventDate "2019.04.03"]
[EventType "tourn"]
[EventRounds "5"]
[EventCountry "CAN"]

1. d4 f5 2. Nf3 Nf6 3. g3 g6 4. Bg2 Bg7 5. O-O O-O 6. c4 d6 7. Nc3 c6 8. Qc2
Na6 9. a3 Qe8 10. b4 e5 11. dxe5 dxe5 12. e4 f4 13. Bb2 g5 14. Na4 Qh5 15. Nxe5
Bh3 16. f3 b5 17. Nc5 Nxc5 18. bxc5 fxg3 19. hxg3 Rae8 20. Rae1 Re6 21. cxb5
cxb5 22. Qb3 Rfe8 23. Rf2 Kh8 24. f4 Bxg2 25. Rxg2 Ng4 26. Nxg4 Qxg4 27. Bxg7+
Kxg7 28. Qd3 Rh6 29. Qd4+ Kf8 30. Rf1 Kg8 31. Qd5+ Kh8 32. Qf7 Rc8 33. e5 Qh3
34. Qd5 gxf4 35. Rxf4 Qh1+ 36. Kf2 Qc1 37. Qd4 Qxc5 1/2-1/2

[Event "Mercredi 2019.04.03 ABCD"]
[Site "Montreal CAN"]
[Date "2019.04.24"]
[Round "4"]
[White "Millette, Sylvain"]
[Black "Sanyal, Prateek"]
[Result "0-1"]
[WhiteElo "1724"]
[BlackElo "1674"]
[PlyCount "84"]
[EventDate "2019.04.03"]
[EventType "tourn"]
[EventRounds "5"]
[EventCountry "CAN"]

1. e4 c5 2. d4 cxd4 3. c3 dxc3 4. Nxc3 Nc6 5. Nf3 e6 6. Bc4 Bc5 7. O-O Nge7 8.
Bf4 O-O 9. Nb5 d5 10. exd5 exd5 11. Nc7 dxc4 12. Qxd8 Rxd8 13. Nxa8 Nd5 14. Bg3
Be6 15. Nc7 Nxc7 16. Bxc7 Rd7 17. Bf4 Nd4 18. Nxd4 Bxd4 19. Rad1 g5 20. Bc1 g4
21. Rfe1 h5 22. Rxe6 fxe6 23. Be3 e5 24. Kf1 Kf7 25. Ke2 Ke6 26. Rd2 a6 27. Rc2
Bxe3 28. Kxe3 Rd3+ 29. Ke4 Rd4+ 30. Ke3 b5 31. Rc3 b4 32. Rc2 Kd5 33. g3 Rd3+
34. Ke2 Kd4 35. Ke1 a5 36. Ke2 e4 37. Ke1 a4 38. Ke2 a3 39. bxa3 Rxa3 40. Kd2
b3 41. axb3 cxb3 42. Rc7 Ra2+ 0-1